| 000 | 00887nam a22002417a 4500 | ||
|---|---|---|---|
| 999 |
_c20634 _d20634 |
||
| 003 | AR-CdUCM | ||
| 008 | 190531b ||||| |||| 00| 0 spa d | ||
| 040 |
_aMUNICIPALIDAD PROVINCIAL DEL CUSCO _cBIBLIOTECA MUNICIPAL DEL CUSCO |
||
| 041 | _heng | ||
| 082 |
_a700 / _bST79 |
||
| 100 |
_aStern, Jean _943119 |
||
| 245 |
_aLa cruz y la espada : _bUna exhibición en la "Fine arts gallery" de San Diego del 3 de abril al 16 de mayo de 1796 / |
||
| 260 |
_aMadrid : _c1976. |
||
| 300 |
_a106 páginas ; _bFotografías a b/n, _c29 cm. |
||
| 500 | _a[libro reempastado] | ||
| 505 | _aContenido: Una breve historia del Sudoste español -- San Diego -- Arte tradicional hispano... | ||
| 650 |
_aArte español _91648 |
||
| 650 |
_aArte tradicional _943120 |
||
| 650 |
_aFolklore _91081 |
||
| 700 |
_aHodges de Gale, Georgina (traducción) _943121 |
||
| 942 |
_2ddc _cLIBROS |
||
| 945 | _aAndy | ||